[Event "1st Gujarat GM Open 2018"]
[Site "Ahmedabad"]
[Date "2018.10.09"]
[Round "6"]
[White "Jaeel Atharva"]
[Black "Trisha Kanyamarala"]
[Result "1/2-1/2"]
[WhiteElo "2130"]
[BlackElo "1856"]
[Annotator "TA"]
[PlyCount "100"]
[EventDate "2018.10.05"]
[EventType "swiss"]
[EventCountry "IND"]
[SourceTitle "playchess.com"]
[Source "ChessBase"]
[SourceQuality "1"]

{[%evp 27,100,31,32,13,40,33,34,34,24,16,43,16,9,0,8,-16,-16,-16,-16,-28,-20,-22,-17,-28,-20,-28,-17,-28,-25,-28,-28,-28,-29,-33,-28,-30,-21,-29,-19,-25,-16,-15,-15,-14,-14,-16,0,0,0,-25,-22,-23,-18,-37,-36,-37,-37,-43,-37,-41,-25,-25,-25,-47,-39,-39,0,-57,0,-60,0,-62,0,-60,0]} 1. d4 d5 2. c4 e6 3. Nc3 Nf6 4. cxd5 exd5 5. Bg5 c6 6. e3 Nbd7 7. Bd3 Be7 8. Nf3 h6 9. Bh4 Nh5 10. Bxe7 Qxe7 11. O-O Nhf6 12. Rb1 a5 13. a3 O-O 14. Qc2 Re8 15. Nd2 {D36: Queen's Gambit Declined: Exchange Variation: Main line (5 Bg5 c6 6 Qc2)} b5 (15... Qd6 16. Na4 Ng4 17. Nf3 Ngf6 18. Nd2 Ng4 19. Nf3 Ngf6 20. Nd2 {½-½ (20) Esipenko,A (2490)-Landa,K (2601) Bad Wiessee 2016}) 16. Ne2 $146 {[%cal Bc3e2,Be2g3,Bg3f5][%mdl 32]} ({Predecessor:} 16. b4 Nb6 17. Rfe1 Qd6 18. e4 dxe4 19. Ndxe4 Nxe4 20. Nxe4 Qd7 21. Nd6 Rd8 22. Nf5 axb4 {1-0 (60) Zelba,M-Prange,D Germany 2001}) 16... Bb7 17. Ng3 {White is slightly better.} Nb6 18. Nb3 Nfd7 {[%cal Bf6d7,Bd7b6,Bb6c8][%mdl 32]} 19. Nf5 Qf6 20. Rfc1 Nc4 21. Qc3 a4 22. Nd2 Ndb6 23. Nf1 Bc8 24. N5g3 Be6 25. Bc2 Rad8 26. Re1 Nc8 27. Nh5 Qg5 28. Nfg3 g6 29. Nf4 Bd7 30. Ra1 h5 31. Nf1 {[%cal Bg3f1,Bf1d2,Bd2f3][%mdl 32]} N8b6 32. Bd3 Bf5 33. Nd2 Re7 34. Nf3 Qf6 35. Bxf5 Qxf5 36. Nd3 Nd7 37. b3 axb3 38. Qxb3 Ra8 39. Nb4 Nb8 40. Rec1 Rea7 {[%cal Ra7a3]} 41. Nc2 $1 Nd7 42. Ra2 $1 Qe6 43. Rca1 Ndb6 44. Nb4 Ra4 45. Nc2 Na5 46. Qd3 Nac4 47. Qb3 Na5 48. Qd3 Nac4 49. Qb3 Na5 50. Qd3 Nac4 {Precision: White = 52%, Black = 35%.} (50... Qd6 $15) 1/2-1/2

[Event "1st Gujarat GM Open 2018"]
[Site "Ahmedabad"]
[Date "2018.10.09"]
[Round "6"]
[White "Shintre Neel"]
[Black "Srijit Paul"]
[Result "0-1"]
[WhiteElo "2093"]
[BlackElo "2292"]
[Annotator "TA"]
[PlyCount "106"]
[EventDate "2018.10.05"]
[EventType "swiss"]
[EventCountry "IND"]
[SourceTitle "playchess.com"]
[Source "ChessBase"]
[SourceQuality "1"]

{[%evp 11,105,1,17,16,9,20,14,-11,-7,-8,0,0,0,0,0,0,12,0,0,0,0,0,0,0,0,0,0,0,0,0,0,0,0,-33,-31,-95,-118,-187,-191,-204,-191,-330,-315,-322,-309,-427,-395,-410,-338,-397,-389,-400,-406,-433,-443,-538,-527,-629,-616,-811,-782,-793,-781,-1298,-1289,-1237,-1217,-1204,-1156,-1420,-1411,-2289,-2242,-2360,-2287,-2150,-2058,-29982,-29983,-29987,-29987,-29988,-29989,-29992,-29993,-29993,-29994,-29995,-29996,-29996,-29996,-29997,-29998,-29998,-29999,-29999]} 1. e4 Nf6 2. e5 Nd5 3. Nc3 Nxc3 4. dxc3 d6 5. Nf3 Nc6 6. Bb5 Bd7 7. Qe2 {B02: Alekhine's Defence: Chase Variation and lines with early Nc3} e6 8. Bf4 a6 9. Bxc6 {The position is equal.} (9. Bd3 {keeps more tension.} f6 10. exf6 Qxf6 11. Bd2 h6 12. O-O-O) (9. Bd3 dxe5 10. Nxe5 Bd6 11. Bg3 Nxe5 12. Bxe5 Bc6 13. O-O-O Qe7 14. Be4 Bxe4 {½-½ (14) Mrdja,M (2402)-Laketic,G (2443) Codogno 2011}) 9... Bxc6 10. O-O-O (10. Rd1 {is more complex.} Be7 11. Nd4 Qd7 12. O-O O-O 13. Rfe1) 10... Bxf3 11. Qxf3 d5 12. Qg3 $146 ({Predecessor:} 12. c4 c6 13. Qb3 b5 14. cxd5 cxd5 {0-1 (56) Gauthier,L (1738)-Brassard,S (1807) Montreal 2011}) 12... c6 13. Kb1 b5 14. Rhe1 Qa5 15. Bd2 Qb6 16. f4 g6 17. Qh3 h5 18. g4 Bg7 19. f5 {And now fxe6 would win.} hxg4 20. Qxg4 exf5 21. Qg3 {Black should prevent e6.} Qc7 $36 {[%mdl 2048] Black has good play.} 22. Bg5 Rh5 23. Qg1 {[#]} (23. Bf4 $1 $15 Bh6 24. Bxh6 Rxh6 25. Qg5) 23... Qd7 $1 $17 24. Bf6 {[#]} (24. Be3 $17) 24... Kf8 $1 $19 25. e6 fxe6 26. Qxg6 (26. Qd4 $142) 26... Rh6 27. Bxg7+ Qxg7 28. Qxg7+ Kxg7 {[%mdl 4096] Endgame KRR-KRR} 29. Re2 Kf7 30. Kc1 Rg8 31. a4 Rg4 32. axb5 axb5 33. Rf1 Rgh4 34. Rff2 Kf6 35. Kd2 e5 36. b3 f4 37. Kd3 Rh3+ 38. Kd2 Kf5 39. c4 e4 40. Kc1 bxc4 41. bxc4 d4 42. Kb2 e3 43. Rf1 Rxh2 44. Rxh2 Rxh2 {KR-KR. Black mates.} 45. Kc1 Ke4 46. Re1 f3 47. Kd1 f2 48. Rf1 Kf3 49. Rxf2+ exf2 {[%cal Rf2f1]} 50. Kc1 f1=Q+ 51. Kb2 Qd3 52. Ka1 Rxc2 {[%cal Rd3f1]} 53. c5 Qd1# {Precision: White = 29%, Black = 90%.} (53... Qf1# $142) 0-1

[Event "1st Gujarat GM Open 2018"]
[Site "Ahmedabad"]
[Date "2018.10.09"]
[Round "6"]
[White "Nayak Rajesh"]
[Black "Wagh Suyog"]
[Result "1/2-1/2"]
[WhiteElo "2084"]
[BlackElo "2312"]
[Annotator "TA"]
[PlyCount "53"]
[EventDate "2018.10.05"]
[EventType "swiss"]
[EventCountry "IND"]
[SourceTitle "playchess.com"]
[Source "ChessBase"]
[SourceQuality "1"]

{[%evp 26,53,56,27,25,0,0,0,0,0,0,0,0,0,0,0,5,0,1915,-2,1403,0,1393,0,6526,0,5620,3,29990,0]} 1. e4 e5 2. Nf3 Nc6 3. Bc4 Nf6 4. d4 exd4 5. O-O Nxe4 6. Re1 d5 7. Bxd5 Qxd5 8. Nc3 Qh5 9. Nxe4 Be6 10. Bg5 Bd6 11. Nxd6+ cxd6 12. Bf4 Qd5 13. c3 {C56: Two Knights: 4 d4 exd4 5 0-0 Nxe4} Kd7 (13... O-O 14. Nxd4 Nxd4 15. Qxd4 Qxd4 16. cxd4 d5 17. Rac1 Rfc8 18. Rxc8+ Rxc8 19. Rc1 Rxc1+ 20. Bxc1 f6 21. Bf4 a6 22. a3 Bd7 23. Bd2 Bc6 24. Bc3 Bd7 25. Bd2 Bc6 26. Bc3 Bd7 27. Bd2 {½-½ (27) Wei,Y (2743)-Wen,Y (2605) Shenzhen 2017}) 14. Qa4 {[%cal Rf3d4] LiveBook: 3 Games} Qc4 15. Qa3 {White has an edge.} (15. Qc2 {feels hotter.} Rhe8 16. Qd2 Bf5 17. Nxd4 Nxd4 18. cxd4 Qd5 19. h3) 15... Qc5 16. Qxc5 dxc5 17. cxd4 cxd4 18. Nxd4 $146 ({Predecessor:} 18. Rad1 Rhd8 19. Nxd4 {½-½ (19) Smerdon,D (2304)-Zhao,Z (2297) Canberra 2001}) 18... Nxd4 19. Rad1 $36 {[%mdl 2048] White has good play.} Rhd8 {[#] ...Ke7 is the strong threat.} 20. Rxd4+ Ke8 21. Rxd8+ Ke7 $2 {[%mdl 8192]} (21... Kxd8 $11 22. b3 Rc8) 22. a3 $2 (22. Bg5+ $18 f6 23. Rxa8 fxg5 24. Rxa7) 22... a6 $2 {[%mdl 8192]} (22... Rxd8 $11 23. f3 b6) 23. Kf1 $2 (23. Rxa8 $18 Kf6 24. Re5) 23... g6 $2 {[%mdl 8192]} (23... Rxd8 $11 24. Rc1 Rd4) 24. h4 $2 (24. Rxa8 $18 Kf6 25. Bd2) 24... b5 $2 {[%mdl 8192]} (24... Rxd8 $11 25. f3 Rd4) 25. g3 $2 (25. Bg5+ $18 f6 26. Rxa8 fxg5 27. hxg5) 25... a5 $2 {[%mdl 8192]} (25... Rxd8 $11 26. f3 f6) 26. b4 $2 (26. Bg5+ $18 f6 27. Rxa8) 26... a4 $2 {[%mdl 8192] [#]} (26... Kxd8 $11 27. bxa5 Rxa5) 27. Kg2 $2 (27. Bg5+ {mates} f6 28. Rxa8 Kd7 29. Ra7+ Kd6 30. Ra6+ Kd5 31. Rexe6 Kc4 32. Rac6+ Kb3 33. Bc1 f5 34. Re2 g5 35. Rb2+ Kxa3 36. Rc3#) 1/2-1/2

[Event "1st Gujarat GM Open 2018"]
[Site "Ahmedabad"]
[Date "2018.10.09"]
[Round "6"]
[White "Kadam Om Manish"]
[Black "Zia, Tahsin Tajwar"]
[Result "1/2-1/2"]
[WhiteElo "2082"]
[BlackElo "1825"]
[Annotator "NA RC"]
[PlyCount "105"]
[EventDate "2018.10.05"]
[EventType "swiss"]
[EventCountry "IND"]
[SourceTitle "playchess.com"]
[Source "ChessBase"]
[SourceQuality "1"]
[TimeControl "5400+30"]

1. e4 {[%emt 0:00:00]} c5 {[%emt 0:00:00]} 2. Nf3 {[%emt 0:00:11]} d6 {[%emt 0:00:08]} 3. d4 {[%emt 0:00:22]} cxd4 {[%emt 0:00:02]} 4. Nxd4 {[%emt 0:00:17]} Nf6 {[%emt 0:00:07]} 5. Nc3 {[%emt 0:00:12]} Nc6 {[%emt 0:00:34]} 6. Bc4 {[%emt 0:01:30]} e6 {[%emt 0:00:10]} 7. Be3 {[%emt 0:00:36]} a6 {[%emt 0:00:06]} 8. Qe2 {[%emt 0:02:01]} Qc7 {[%emt 0:00:27]} 9. Bb3 {[%emt 0:04:07]} Na5 {[%emt 0:01:02]} 10. O-O {[%emt 0:12:49]} Bd7 {[%emt 0:00:55]} 11. a4 {[%emt 0:00:48]} Rc8 {[%emt 0:04:01]} 12. Rad1 {[%emt 0:02:30]} Be7 {[%emt 0:03:50]} 13. Ba2 {[%emt 0:04:52]} O-O {[%emt 0:03:45]} 14. f4 {[%emt 0:03:19]} Nc4 {[%emt 0:07:07]} 15. Bc1 {[%emt 0:08:51]} b5 {[%emt 0:08:18]} 16. axb5 {[%emt 0:13:39]} axb5 {[%emt 0:05:52]} 17. e5 {[%emt 0:05:38]} dxe5 {[%emt 0:04:53]} 18. fxe5 {[%emt 0:00:17]} Nd5 {[%emt 0:01:14]} 19. Nxd5 {[%emt 0:07:40]} exd5 {[%emt 0:00:12]} 20. c3 {[%emt 0:02:12]} b4 {[%emt 0:02:33]} 21. Rde1 {[%emt 0:12:18]} Bc5 {[%emt 0:02:07]} 22. Bb1 {[%emt 0:01:59]} Qb6 {[%emt 0:03:41]} 23. Qd3 {[%emt 0:05:29]} g6 24. Rf6 {[%emt 0:01:26]} Nxe5 {[%emt 0:04:55]} 25. Qf1 {[%emt 0:03:02]} Bxd4+ {[%emt 0:05:44]} 26. cxd4 {[%emt 0:00:11]} Qxd4+ {[%emt 0:01:31]} 27. Be3 {[%emt 0:02:45]} Qc4 {[%emt 0:02:36]} 28. Qxc4 {[%emt 0:02:51]} dxc4 {[%emt 0:01:10]} 29. Bd2 {[%emt 0:01:16]} c3 {[%emt 0:02:06]} 30. bxc3 {[%emt 0:00:18]} bxc3 {[%emt 0:00:03]} 31. Bxc3 {[%emt 0:00:53]} Rxc3 {[%emt 0:02:08]} 32. Rxe5 {[%emt 0:00:05]} Be6 {[%emt 0:01:14]} 33. Re1 {[%emt 0:00:46]} Rb8 {[%emt 0:00:47]} 34. Be4 {[%emt 0:00:43]} Kg7 {[%emt 0:01:02]} 35. Rf2 {[%emt 0:00:05]} f5 {[%emt 0:01:47]} 36. Bf3 {[%emt 0:00:16]} Kf6 {[%emt 0:00:47]} 37. Rd2 {[%emt 0:00:06]} Rb6 {[%emt 0:01:14]} 38. Red1 {[%emt 0:00:55]} g5 {[%emt 0:02:01]} 39. h3 {[%emt 0:00:53]} f4 {[%emt 0:03:18]} 40. Kf2 {[%emt 0:00:15]} Re3 {[%emt 0:01:40]} 41. Re1 {[%emt 0:01:19]} Rbb3 {[%emt 0:01:32]} 42. Rde2 {[%emt 0:00:25]} Rxe2+ {[%emt 0:05:47]} 43. Rxe2 {[%emt 0:00:03]} Bf7 {[%emt 0:00:45]} 44. Rc2 {[%emt 0:01:14]} Rb6 {[%emt 0:01:47]} 45. Rc6+ {[%emt 0:00:34]} Rxc6 {[%emt 0:00:10]} 46. Bxc6 {[%emt 0:00:01]} Kg6 {[%emt 0:01:30]} 47. Be4+ {[%emt 0:00:05]} Kh6 {[%emt 0:00:33]} 48. Bb7 {[%emt 0:00:26]} Kh5 {[%emt 0:01:04]} 49. g3 {[%emt 0:01:24]} Be6 {[%emt 0:02:02]} 50. Bf3+ {[%emt 0:00:19]} Kg6 {[%emt 0:00:44]} 51. Be4+ {[%emt 0:00:29]} Bf5 {[%emt 0:00:50]} 52. Bg2 {[%emt 0:00:04]} h5 {[%emt 0:00:41]} 53. h4 {[%emt 0:01:07]} 1/2-1/2

[Event "1st Gujarat GM Open 2018"]
[Site "Ahmedabad"]
[Date "2018.10.09"]
[Round "6"]
[White "Soham Datar"]
[Black "Srija, Seshadri"]
[Result "1-0"]
[WhiteElo "2060"]
[BlackElo "2246"]
[Annotator "TA"]
[PlyCount "123"]
[EventDate "2018.10.05"]
[EventType "swiss"]
[EventCountry "IND"]
[SourceTitle "playchess.com"]
[Source "ChessBase"]
[SourceQuality "1"]

{[%evp 16,123,-1,-1,-12,-31,16,0,31,30,26,29,27,12,12,9,28,36,30,7,16,0,0,0,49,14,31,12,39,31,101,0,0,0,191,181,308,308,293,294,2610,2492,29995,556,872,256,266,261,270,270,270,270,270,270,323,317,344,330,341,320,408,411,410,381,481,473,502,490,488,466,444,435,584,575,822,338,1026,903,1493,1347,739,716,1548,1608,1937,1634,1893,1766,1916,1883,1839,1657,1525,1474,1639,1785,1400,1334,1036,987,4133,4030,2109,2171,29980,29981,29980,29981,29981,29980]} 1. Nf3 d5 2. c4 d4 3. g3 c5 4. Bg2 Nc6 5. O-O e5 6. d3 Nf6 7. b4 cxb4 {A09: Réti Opening: 1 Nf3 d5 2 c4} 8. a3 bxa3 9. Qa4 {LiveBook: 14 Games. Threatening Nxe5.} Nd7 {The position is equal.} (9... Bd7 10. Nxa3 Bd6 11. Bg5 O-O 12. Rfb1 Rb8 13. Nd2 {1-0 (30) Yu,Y (2738)-Zhao,Y (2313) China 2016}) 10. Nfd2 $146 ({Predecessor:} 10. Bxa3 Bxa3 11. Qxa3 Qb6 12. Nbd2 Qc5 13. Ng5 O-O 14. Rfb1 a6 15. Bd5 {1-0 (32) Rausis,I (2537)-Von Wantoch Rekowski,D (2114) Gerlingen 2007}) 10... Be7 11. Bxa3 O-O 12. Bxc6 Nb6 13. Qb5 bxc6 14. Qxc6 Bh3 15. Re1 Re8 16. Bxe7 Qxe7 17. Na3 Bd7 18. Qb7 Reb8 19. Qa6 Bc6 (19... Na4 $5 {[%cal Re7b4]}) 20. Nb5 Qd7 21. Reb1 {[%cal Rb5a7]} Nc8 22. Qa5 {aiming for Nc7.} Ne7 (22... Rb6 $14) 23. Ne4 ({White should play} 23. Nc7 $1 $16 {[%cal Rc7a8]} Rxb1+ 24. Rxb1) 23... Rb6 $11 {...Qh3 is the strong threat.} 24. Na3 Qh3 $2 (24... f6 $11 {and Black has nothing to worry.}) 25. Qxe5 $18 Re8 (25... f5 {was called for.}) 26. Rxb6 $1 axb6 27. Nb5 f5 $2 (27... Qe6 28. Qxe6 fxe6 29. Nxd4 Bxe4) 28. Qe6+ Kf8 29. Nxd4 (29. Nbd6 $142 Qh5 {[#]} 30. Ng5 $1 {[%mdl 512]} Bd5 31. cxd5 Ng8 32. Nxh7+ $1 {[%mdl 512]} Qxh7 33. Qxe8#) 29... Bb7 30. Qf7+ $2 (30. Qd7 {White wants to mate with Ne6+.} Nc8 31. Ne6+ Rxe6 32. Qxe6) 30... Kxf7 31. Ng5+ Kf6 {[%csl Gb7][%cal Rh3g2]} 32. Nxh3 Nc6 33. Nxc6 Bxc6 {[%mdl 4096] Endgame KRB-KRN} 34. Ra2 Ke5 35. f4+ Kd4 36. Kf2 Re7 37. Ng5 h6 38. Nf3+ Bxf3 39. Kxf3 {KR-KR} Re3+ 40. Kf2 Re6 41. Ra7 g6 42. Rd7+ Kc3 43. Kf3 h5 44. h4 Kc2 45. Rd5 (45. e4 $142 Re8 46. Rd6) 45... Kd2 $2 (45... Kc3 46. Re5 Rf6) 46. e4 fxe4+ 47. dxe4+ Kc3 48. e5 Re8 49. Rb5 Re6 50. c5 bxc5 51. Rxc5+ Kd4 52. Rc1 Ra6 53. Rd1+ Kc5 54. Rd3 Kc4 55. Rd6 Ra3+ 56. Kg2 Ra2+ 57. Kh3 Re2 58. Rxg6 Kd5 59. e6 Ke4 60. Rg5 {White mates.} Kf3 61. Re5 ({Inferior is} 61. f5 Re1 $11) 61... Ra2 62. Re1 {Precision: White = 70%, Black = 25%.} 1-0

[Event "1st Gujarat GM Open 2018"]
[Site "Ahmedabad"]
[Date "2018.10.09"]
[Round "6"]
[White "Jay Kundaliya"]
[Black "Arjun Kalyan"]
[Result "0-1"]
[WhiteElo "2047"]
[BlackElo "2408"]
[Annotator "TA"]
[PlyCount "56"]
[EventDate "2018.10.05"]
[EventType "swiss"]
[EventCountry "IND"]
[SourceTitle "playchess.com"]
[Source "ChessBase"]
[SourceQuality "1"]

{[%evp 9,56,-14,10,11,14,0,21,16,18,-10,-7,-39,0,-31,-14,0,0,-36,0,-50,0,0,0,-80,-31,-183,-122,-123,-135,-342,-335,-325,-340,-476,-480,-518,-507,-501,-493,-520,-566,-536,-529,-1694,-1694,-2897,-2713,-29990,-29989]} 1. e4 e5 2. Bc4 Nf6 3. Nc3 Nc6 4. d3 Na5 5. Nge2 Be7 6. a4 {C28: Vienna Game: 2...Nf6 3 Bc4 Nc6} (6. O-O O-O 7. a4 Nxc4 8. dxc4 d6 9. Qd3 Be6 10. b3 c6 11. Ba3 Qc7 12. Rfd1 Rfd8 13. Qe3 h6 14. h3 {1-0 (48) Anand,V (2783)-Santos Latasa,J (2542) Leon 2017}) 6... Nxc4 7. dxc4 c6 8. Qd3 {The position is equal.} d6 9. f3 Be6 10. Be3 Nd7 $146 ({Predecessor:} 10... O-O 11. O-O-O a6 12. g4 b5 13. cxb5 axb5 14. axb5 {0-1 (21) Zakrzewski,M (2112)-Malaniuk,V (2508) Poznan 2012}) 11. O-O-O Nc5 12. Bxc5 $1 dxc5 13. Qe3 Qa5 14. b3 a6 {[%cal Ba7a6,Ba6b5,Bb5b4][%mdl 32]} (14... b5 $5 15. cxb5 c4 16. bxc6 cxb3 $11) 15. Kb2 O-O 16. g4 (16. Ra1 $11 {remains equal.}) 16... Rfd8 {aiming for ...b5.} 17. Ng3 $2 (17. Ra1 $15) 17... Rxd1 ({Black should try} 17... b5 $1 $19 {[%cal Rb5c4]} 18. Rxd8+ Qxd8) 18. Rxd1 {[#]} b5 $1 {[%cal Rb5c4]} 19. cxb5 $2 (19. Qe1 $17 {might work better.}) 19... axb5 $19 20. Nf5 {[#]} Bf8 $1 21. Ra1 c4 22. Nb1 cxb3 23. cxb3 Rd8 24. Qc3 b4 25. Qc2 Qa7 26. Ng3 Qd4+ 27. Ka2 Ra8 {( -> ...Rxa4+)} 28. Qxc6 Qf2+ {Precision: White = 11%, Black = 47%.} 0-1

[Event "1st Gujarat GM Open 2018"]
[Site "Ahmedabad"]
[Date "2018.10.09"]
[Round "6"]
[White "Tarun Kanyamarala"]
[Black "Audi Ameya"]
[Result "0-1"]
[WhiteElo "2046"]
[BlackElo "2375"]
[Annotator "TA"]
[PlyCount "120"]
[EventDate "2018.10.05"]
[EventType "swiss"]
[EventCountry "IND"]
[SourceTitle "playchess.com"]
[Source "ChessBase"]
[SourceQuality "1"]

{[%evp 21,120,7,25,-79,-70,-54,-13,-14,-6,-37,-33,-16,-22,-25,-15,-14,-8,-12,0,0,0,-23,-16,-4,0,0,0,-7,-10,0,21,0,0,-23,-14,-8,23,-19,91,83,79,54,55,0,0,0,136,138,111,6,54,-29,43,-8,-8,-64,0,0,104,19,0,0,49,0,0,0,0,-136,-131,-176,-24,-14,-14,-184,-148,-103,-101,-104,-119,-112,-61,-44,-29,-29,-27,-466,-473,-679,-666,-857,-825,-29981,-29982,-6585,-6112,-29983,-29984,-29984,-29985,-29985,-29985]} 1. d4 {[%cal Bd2d4,Bd4d5][%mdl 32]} Nf6 2. c4 g6 3. f3 c5 4. d5 Bg7 5. Nc3 d6 6. e4 O-O 7. Nge2 e6 8. Ng3 exd5 9. cxd5 a6 10. a4 h5 {A65: Modern Benoni: 6 e4} (10... Nbd7 11. Be2 Ne8 12. O-O Rb8 13. f4 Nc7 14. e5 dxe5 15. f5 b5 16. d6 Ne8 17. axb5 axb5 18. Nce4 c4 19. Bg5 {½-½ (28) Aronian,L (2780)-Nepomniachtchi,I (2767) Wijk aan Zee 2017}) 11. Be2 Nh7 {LiveBook: 16 Games} 12. O-O (12. Be3 $11) 12... Bd4+ $17 {Black is better.} 13. Rf2 $1 Qh4 $146 ({Predecessor:} 13... Bxf2+ 14. Kxf2 h4 15. Nf1 f5 16. exf5 gxf5 17. Bf4 Qf6 {0-1 (42) Fus,J (2103)-Nowak,L (2327) Warsaw 2017}) 14. Qe1 Nd7 15. Nf1 Bxf2+ 16. Qxf2 Qxf2+ 17. Kxf2 Ne5 18. f4 Ng4+ 19. Bxg4 hxg4 20. Ne3 Rd8 21. e5 Bf5 22. Nc4 $1 dxe5 23. fxe5 b5 24. Nb6 Rab8 25. a5 $1 Nf8 26. Bf4 Rb7 27. d6 Ne6 28. Bg3 $1 Nd4 29. Ncd5 Kg7 (29... g5 $11) 30. Bh4 $16 {[%mdl 1024] White has strong compensation.} Rdb8 31. Ne7 Be6 $1 32. Rc1 (32. b4 $14) 32... Nb3 33. Rd1 Bd7 (33... Nxa5 $11 34. d7 Kh6) 34. Bf6+ Kf8 35. Nbd5 (35. Bg5 $16) 35... Nxa5 36. Kg3 (36. Nc7 $1 $14) 36... Nb3 ({Black should play} 36... Nc4 $11 37. Rf1 a5) 37. Rf1 (37. Nc7 $14) 37... Nd4 $11 38. Bg5 Nf5+ (38... Kg7 $15) 39. Nxf5 gxf5 (39... Bxf5 $11 40. Bh6+ Ke8) 40. Be7+ (40. Nf6 $16 {[%cal Rg5h6]} Kg7 41. Nxd7 Rxd7 42. Rxf5) 40... Kg7 41. h3 Be6 42. Nf6 (42. hxg4 $5 {[%cal Re7f6]} Bxd5 43. gxf5 $17) 42... c4 43. hxg4 fxg4 44. Nh5+ (44. Rh1 $11 {remains equal.}) 44... Kg6 $17 45. Kh4 {[#]} f5 $2 (45... b4 $1 $19 {aiming for ...f5.} 46. Bf6 Rc8 47. Nf4+ Kf5 48. Nh3+ Ke4 49. Re1+ Kd5 50. Nf4+ Kc6) 46. Nf4+ $11 Kf7 47. Kg3 $2 {[#]} (47. Bf6 $11) 47... Rh8 $1 $19 48. Bf6 Rh6 {Strongly threatening ...a5.} 49. Bg5 Rh7 50. Ra1 b4 (50... Ra7 $17 {Hoping for ...b4.} 51. Ne2 Ra8) 51. Rxa6 $15 c3 52. bxc3 $1 b3 53. d7 $2 {[%mdl 8192]} (53. Nxe6 $11 {and White has nothing to worry.} b2 54. d7 Rxd7 55. Rb6 Rd3+ 56. Be3 Rxe3+ 57. Kf4) 53... Bxd7 $19 {White must now prevent ...b2.} 54. e6+ {[#]} (54. Rf6+ $142 Kg8 55. Nd3) 54... Bxe6 $1 {[%mdl 512]} 55. Nd3 (55. Rxe6 b2) 55... b2 56. Ne5+ Kg7 57. Rxe6 b1=Q 58. Rg6+ Kf8 {Black mates.} 59. Rf6+ Ke8 60. Re6+ Rbe7 {Precision: White = 38%, Black = 47%.} 0-1

[Event "1st Gujarat GM Open 2018"]
[Site "Ahmedabad"]
[Date "2018.10.09"]
[Round "6"]
[White "Gandhi, Anish"]
[Black "Mohammad Minhaz Uddin"]
[Result "0-1"]
[WhiteElo "2042"]
[BlackElo "2328"]
[Annotator "TA"]
[PlyCount "96"]
[EventDate "2018.10.05"]
[EventType "swiss"]
[EventCountry "IND"]
[SourceTitle "playchess.com"]
[Source "ChessBase"]
[SourceQuality "1"]

{[%evp 9,96,66,73,56,61,63,66,-5,-12,-16,39,30,45,37,85,-45,-47,-47,-49,-90,0,0,24,25,13,-47,2,6,11,4,4,-50,-48,-52,-30,-36,-40,-12,-44,-62,-64,-196,-188,-194,-187,-170,-195,-191,-189,-181,-188,-176,-72,-85,-46,-59,-55,-59,-32,-62,-92,-87,-60,-54,-55,-75,-22,-22,0,-8,0,0,0,0,0,-12843,-12843,-12845,0,-12850,-29974,-12851,-29982,-12851,-29983,-29983,-29983,-29984,-29985]} 1. e4 e5 2. d4 Nf6 3. dxe5 Nxe4 4. Bc4 c6 5. Qe2 Nc5 {LiveBook: 4 Games} 6. Nf3 {C24: Bishop's Opening: 2...Nf6} (6. a3 d5 7. exd6+ Ne6 8. Nf3 Bxd6 9. Ng5 Qe7 10. Nxe6 Bxe6 11. Bxe6 fxe6 12. Nd2 O-O {½-½ (64) Fedorov,A (2601)-Mamedyarov,S (2646) Moscow 2004 CBM 100 [Lukacs,P]}) 6... b5 7. Bb3 Be7 8. Nc3 $146 (8. O-O $14) ({Predecessor:} 8. O-O O-O 9. Bf4 Re8 10. Re1 Nba6 11. Nbd2 Nc7 12. Ne4 Nxe4 13. Qxe4 {1-0 (66) Sikora,J (2226)-Kratochvil,M (2215) Czech Republic 2018}) 8... a5 $11 {aiming for ...a4.} 9. a3 Nxb3 (9... O-O $11) 10. cxb3 $14 O-O 11. Ne4 Re8 12. Bf4 (12. O-O $1 $16) 12... d5 $15 13. exd6 Bf8 $1 14. O-O-O f5 ({Black should play} 14... Bf5 $1 $17 {[%cal Rf5e4]} 15. Bg5 Qc8) 15. Nfg5 $11 fxe4 16. Qh5 {[%csl Gg5][%cal Rh5h7]} h6 17. Qf7+ Kh8 18. h4 {Hoping for Qg6.} Qf6 $1 {[%cal Rf6f7] White must now prevent ...Qxf7.} 19. Qxe8 Qxf4+ 20. Kb1 (20. Rd2 $11 Bd7 21. Qxe4) 20... Bd7 21. Qf7 $1 {[%cal Rf7f4]} Qxf7 22. Nxf7+ Kg8 23. Ne5 Ra7 24. Rhe1 Be6 25. Rxe4 (25. Re3 $15) 25... Bf5 $1 $36 {[%cal Rf5e4][%mdl 2048] Black is really pushing.} 26. f3 Nd7 $1 27. Nxc6 Bxe4+ 28. fxe4 Ra6 29. Ne7+ Kf7 30. Rd5 Bxe7 (30... b4 $19 31. Nf5 g6) 31. dxe7 {[%mdl 4096] Endgame KRN-KR} Nf6 (31... Kxe7 {looks sharper.} 32. Rxb5 a4 33. Kc2 Rc6+ 34. Kd2 axb3 35. Rxb3 Rg6) 32. Rxb5 Kxe7 33. Kc2 Nd7 34. b4 axb4 35. Rxb4 Rg6 36. a4 $1 Rxg2+ 37. Kc3 g5 (37... Rg1 $17 38. a5 Rc1+ 39. Kd2 Rh1) 38. hxg5 $11 Rxg5 (38... hxg5 {seems wilder.} 39. a5 g4 40. Rb5 Rg1 41. Kd4 Kd6) 39. Rb5 Rxb5 (39... Nc5 {feels hotter.} 40. Kd4 Ne6+ 41. Ke3 Rg3+ 42. Kf2 Rg4) 40. axb5 {KN-K3P} Kf6 {Threatens to win with ...Ke5.} 41. Kd4 Kg5 {Strongly threatening ...h5.} 42. Ke3 $2 {[%mdl 8192] [#]} (42. e5 $11 Nb8 43. Ke4) 42... Kg4 $1 $19 43. b4 Kg3 $2 (43... h5 $19 44. Kf2 Kf4) 44. b6 $2 {[%mdl 8192]} (44. Kd4 $11 Kf4 {[#]} 45. e5 $1 {[%mdl 512]}) 44... Nxb6 45. e5 Nd5+ 46. Ke4 Nxb4 47. e6 Nc6 48. Kf5 h5 {Precision: White = 47%, Black = 57%.} 0-1